000 00319nam a22001217a 4500
008 230619b xxu||||| |||| 00| 0 eng d
020 _a0335002641
082 _a306.3
_bESL
245 _aThe Politics of Work and Occupations
260 _aEngland
_bThe Open University Press
_c1980
300 _aVII,408p
942 _2ddc
_cBK
999 _c1422
_d1422